00457nam a2200133 a 450008200140000010000190001424500700003326000440010330000070014765000230015494200080017795201210018599900170030600a297.7 ARI aArif Ali, Asma aHyderabad Ke Deeni Madaaris Men Sunni Muslim Ladkiyon Ki Tarbiyat aHyderabadbHenry Martyn Institutec2002 a65 aIslam-Institutions cRRB 00104070aHMIbHMId2017-03-30eHenry Martyh Instituteg100.00l0o297.7 ARIp11-1333r2007-07-10w2026-01-16yEB c18635d18635